Algoritmy na tvorbu a využitie Markovovských modelov pre paralelné prostredie

Gespeichert in:
Bibliographische Detailangaben
1. Verfasser: Korch, Jakub, 1987- (Verfasst von)
Weitere Verfasser: Čerňanský, Michal, 1976- (Betreuung Doktorarbeit)
Format: Manuskript Buch
Sprache:Slowakisch
Veröffentlicht: Bratislava : STU v Bratislave FIIT, 2010
Schlagworte:
Online-Zugang:VAIS
Tags: Tag hinzufügen
Keine Tags, Fügen Sie das erste Tag hinzu!

MARC

LEADER 00000ntm a22000003a 4500
001 stu232490
005 20180222132502.3
008 110730s2010----xo------------------slo-d
040 |a STU  |b slo 
041 0 |a slo 
044 |a xo 
100 1 |a Korch, Jakub,  |d 1987-  |4 aut  |u I  |T FIIT Fakulta informatiky a informačných technológií  |X 35062  |U I  |Y 70  |7 A000035062 
242 0 0 |a Algorithms for creation and aplication of Markov models for parallel environment  |y eng 
245 1 |a Algoritmy na tvorbu a využitie Markovovských modelov pre paralelné prostredie 
260 |a Bratislava :  |b STU v Bratislave FIIT,  |c 2010 
650 7 |a symbol  |2 stusub 
650 7 |a probability  |2 estusub 
650 7 |a symbol  |2 stusub 
650 7 |a pravdepodobnosť  |2 stusub 
650 7 |a informatika  |2 stusub 
650 7 |a Informatics  |2 estusub 
700 1 |a Čerňanský, Michal,  |d 1976-  |4 ths  |u I300  |U FIIT Fakulta informatiky a informačných technológií  |T FIIT Ústav aplikovanej informatiky  |X 4236  |U I300  |Y 180  |7 4236 
856 4 |a info a plný text  |u http://is.stuba.sk/zp/portal_zp.pl?podrobnosti=23027  |3 VAIS 
996 |c I*BAP76/10  |l II680  |s P  |a 0  |w stu232490_0001